000 00929cam a2200289 a 4500
005 20260322212017.0
008 data
010 _a 94184689
020 _a0385312458 :
_c{dollar}11.95
020 _a9780385312455 :
_c{dollar}11.95
040 _aMiBir
_cMiBir
_dDLC
_dDLC
042 _alccopycat
043 _an-us-ak
050 0 0 _aGV199.42.A42
_bM3276 1994
082 0 0 _a796.5/22/097983
_220
092 _a796.522 W384 1994
100 1 _aWaterman, Jonathan.
245 1 0 _aIn the shadow of Denali /
_cJonathan Waterman.
260 _aNew York, N.Y. :
_bDell Pub.,
_cc1994.
300 _a246 p., [8] p. of plates :
_bill., ports ;
_c21 cm.
440 0 _aDelta expedition
500 _a"A Delta book"--T.p. verso.
650 0 _aMountaineering
_zDenali, Mount
_zDenali, Mount
_xHistory.
650 0 _aMountaineering accidents
_zDenali, Mount
_zDenali, Mount
_xHistory.
651 0 _aDenali, Mount (Alaska)
_xHistory.
001 data
999 _c370
_d370